<?xml version="1.0" encoding="UTF-8"?>
<record
    xmlns:xsi="http://www.w3.org/2001/XMLSchema-instance"
    xsi:schemaLocation="http://www.loc.gov/MARC21/slim http://www.loc.gov/standards/marcxml/schema/MARC21slim.xsd"
    xmlns="http://www.loc.gov/MARC21/slim">

  <leader>01513cam a22002294a 4500</leader>
  <controlfield tag="005">20171017080606.0</controlfield>
  <controlfield tag="008">020702s2002    enkab    b    000 0 eng  </controlfield>
  <datafield tag="020" ind1=" " ind2=" ">
    <subfield code="a">0521525721</subfield>
  </datafield>
  <datafield tag="040" ind1=" " ind2=" ">
    <subfield code="a">DLC</subfield>
    <subfield code="c">DLC</subfield>
    <subfield code="d">MYG</subfield>
    <subfield code="d">OrLoB-B</subfield>
    <subfield code="d">CO-BoIAVH</subfield>
  </datafield>
  <datafield tag="041" ind1="0" ind2=" ">
    <subfield code="a">eng</subfield>
  </datafield>
  <datafield tag="044" ind1=" " ind2=" ">
    <subfield code="a">enk</subfield>
  </datafield>
  <datafield tag="082" ind1="0" ind2="0">
    <subfield code="a">333.72</subfield>
    <subfield code="b">S79n</subfield>
  </datafield>
  <datafield tag="245" ind1="0" ind2="4">
    <subfield code="a">The state of the nation's ecosystems :</subfield>
    <subfield code="b">measuring the lands, waters, and living resources of the United States /</subfield>
    <subfield code="c">editado por el H. John Heinz III Center for Science, Economics, and the Environment.</subfield>
  </datafield>
  <datafield tag="260" ind1=" " ind2=" ">
    <subfield code="a">Cambridge (Reino Unido) ;</subfield>
    <subfield code="a">New York (EE.UU.) :</subfield>
    <subfield code="b">Cambridge University Press,</subfield>
    <subfield code="c">2002.</subfield>
  </datafield>
  <datafield tag="300" ind1=" " ind2=" ">
    <subfield code="a">xviii, 270 p&#xE1;ginas :</subfield>
    <subfield code="b">ilustraciones a color y mapas a color ;</subfield>
    <subfield code="c">28 x 17 cm.</subfield>
  </datafield>
  <datafield tag="504" ind1=" " ind2=" ">
    <subfield code="a">Incluye referencias bibliogr&#xE1;ficas.</subfield>
  </datafield>
  <datafield tag="505" ind1="0" ind2="0">
    <subfield code="g">Pt. I.</subfield>
    <subfield code="t">The State of the Nation's Ecosystems: Philosophy, Framework, and Findings --</subfield>
    <subfield code="g">Ch. 1.</subfield>
    <subfield code="t">Reporting on the State of the Nation's Ecosystems --</subfield>
    <subfield code="g">Ch. 2.</subfield>
    <subfield code="t">The Reporting Framework --</subfield>
    <subfield code="g">Ch. 3.</subfield>
    <subfield code="t">The State of the Nation's Ecosystems: What We Know and What We Don't Know --</subfield>
    <subfield code="g">Pt. II.</subfield>
    <subfield code="t">The Indicators --</subfield>
    <subfield code="g">Ch. 4.</subfield>
    <subfield code="t">Core National Indicators --</subfield>
    <subfield code="g">Ch. 5.</subfield>
    <subfield code="t">Coasts and Oceans --</subfield>
    <subfield code="g">Ch. 6.</subfield>
    <subfield code="t">Farmlands --</subfield>
    <subfield code="g">Ch. 7.</subfield>
    <subfield code="t">Forests --</subfield>
    <subfield code="g">Ch. 8.</subfield>
    <subfield code="t">Fresh Waters --</subfield>
    <subfield code="g">Ch. 9.</subfield>
    <subfield code="t">Grasslands and Shrublands --</subfield>
    <subfield code="g">Ch. 10.</subfield>
    <subfield code="t">Urban and Suburban Lands.</subfield>
  </datafield>
  <datafield tag="650" ind1="2" ind2="6">
    <subfield code="a">Vigilancia ambiental</subfield>
    <subfield code="z">Estados Unidos</subfield>
    <subfield code="x">Metodolog&#xED;a</subfield>
  </datafield>
  <datafield tag="650" ind1="2" ind2="6">
    <subfield code="a">Ecosistemas</subfield>
    <subfield code="x">Estado</subfield>
    <subfield code="z">Estados Unidos</subfield>
  </datafield>
  <datafield tag="710" ind1="2" ind2=" ">
    <subfield code="a">H. John Heinz III Center for Science, Economics, and the Environment</subfield>
  </datafield>
  <datafield tag="942" ind1=" " ind2=" ">
    <subfield code="2">ddc</subfield>
    <subfield code="c">LIBRO</subfield>
  </datafield>
  <datafield tag="999" ind1=" " ind2=" ">
    <subfield code="c">4352</subfield>
    <subfield code="d">4352</subfield>
  </datafield>
  <datafield tag="952" ind1=" " ind2=" ">
    <subfield code="0">0</subfield>
    <subfield code="1">0</subfield>
    <subfield code="2">ddc</subfield>
    <subfield code="4">0</subfield>
    <subfield code="7">0</subfield>
    <subfield code="8">GENERAL</subfield>
    <subfield code="I">INV2017</subfield>
    <subfield code="a">Venado</subfield>
    <subfield code="b">Venado</subfield>
    <subfield code="d">2005-02-28</subfield>
    <subfield code="e">Instituto</subfield>
    <subfield code="g">39000.00</subfield>
    <subfield code="l">0</subfield>
    <subfield code="o">LB-333.72 S79n</subfield>
    <subfield code="p">017400</subfield>
    <subfield code="r">2012-12-04 00:00:00</subfield>
    <subfield code="t">Ej. 1</subfield>
    <subfield code="w">2012-12-04</subfield>
    <subfield code="x">Donacion</subfield>
    <subfield code="y">LIBRO</subfield>
  </datafield>
</record>
